| 000 | 00543nam a22001817a 4500 | ||
|---|---|---|---|
| 005 | 20260415100718.0 | ||
| 008 | 260415b |||||||| |||| 00| 0 eng d | ||
| 050 |
_aR 121.S27 2019 _b1 |
||
| 100 | _aSASIDHARAN,PK | ||
| 245 |
_aDOCTOR'S POCKETCOMPANION _b[Acompanion book for all doctors] |
||
| 250 | _asecond edition | ||
| 260 |
_aLONDON _bJAYPEE BROTHERS MEDICAL _c2019 |
||
| 300 | _aXXV, 1383, ILL | ||
| 500 | _aINCLUIDES INDEX | ||
| 650 | _a[Acompanionn book book for all Doctors] | ||
| 700 | _aRAJAGOPAL, VINEETH | ||
| 942 |
_2lcc _cBK |
||
| 999 |
_c216961 _d216961 |
||